000 00607nam a2200217 i 4500
001 C2-0101526
003 PPAK
005 20180727095741.0
008 970601s enk |||| ||||| | eng d
040 _aPPAK
_beng
_cPPAK
_erda
082 0 4 _a439.31
_223
090 0 0 _a439.31
_bDUT
_dKIH
245 0 0 _aDutch sumplifred
264 1 _aLondon :
_bHugo's Language Institute ,
_c[date of publication not identified]
300 _a176 pages ;
_c18 cm
336 _2rdacontent
_atext
337 _2rdamedia
_aunmediated
338 _2rdacarrier
_avolume
650 1 0 _aDutch - Study and teaching
942 _ddc
_cB
999 _c23366
_d23366